000 00640nam a2200181Ia 4500
005 20250508160236.0
008 008 250505s9999 xx 000 0 eng d
037 _aBooks to be hide in OPAC
040 _aFEDL
_beng
_cFEDL
041 _aeng
_2eng
084 _a371.8, UNI/O
_qFEDL
245 0 _aSummary report of proceedings of seminars and conferences in selected Indian Universities 1964-65
245 0 _cUnited States Education Foundation (New Delhi India)
260 _aNew Delhi, India
_bUnited States Educational Foundation In India
300 _aiv,132p
942 _cHB
_h371.8, UNI/O
999 _c1362993
_d1362993